000 01708nam0a2200397 4500
001 RU\NLR\DIGIT\112673
005 201612062234
035 _a(NLR Aleph) 010170861
035 _arc\1867868
090 _a10131587
_c10131587
100 _a20111115d1910 u y0rusy50 ca
101 0 _arus
102 _aRU
105 _ay z ||||b
135 _acoco 024aaaaa
200 1 _aКнут Гамсун
_eБиогр. по неизд. источникам и лит. характеристика
_fМ.П. Благовещенская и А.А. Измайлов
210 _aСанкт-Петербург
_cШиповник
_d1910
215 _a194, [3] с.
_d22
300 _aЭл.копия создана на основе экземпляра РГБ
325 _aКопия доступна в Электрон. б-ке РНБ http://vivaldi.nlr.ru/bx000006370/view
700 1 _aБлаговещенская
_bМ. П.
_gМария Павловна
701 1 _aИзмайлов
_bА. А.
_f1873-1921
_gАлександр Алексеевич
_3RU\NLR\auth\7797590
_4570
_7ca
702 1 _aГамсун
_bК.
_f1859-1952
_gКнут
_3RU\NLR\AUTH\7715644
_4570
_7ca
801 0 _aRU
_bNLR
_gpsbo
801 0 _aRU
_bRuMoRGB
_2psbo
801 1 _aRU
_bProSoft-M
_2rusmarc
801 2 _aRU
_bNLR
_c20081029
_2rusmarc
856 0 _uhttp://vivaldi.nlr.ru/bx000006370/view
856 1 _uhttp://vivaldi.nlr.ru/bx000006370/cover
856 2 _uhttp://vivaldi.nlr.ru/bx000006370/text
899 _aРГБ
899 _aРГБ
942 _cBOOK
980 _aNB
981 3 3 _a(33) Художественная литература
_b(33) Отечественная литература